000 00532nam a2200157 i 4500
001 25656
003 ES-MaACL
005 20230906153317.0
007 t|
008 021227s1910 it ||||1| ita d
100 1 _aLima, Archer de.
_972305
245 1 0 _aAl disopra delle Menzogne Convenzionali
_b: poema doloroso in 4 atti /
_cArcher de Lima ; tradotto da P. Carducci Teisser.
260 _aRoma :
_bEdizione dell'Opera :
_bJ. Nostri Contemporani,
_c1910.
700 1 _aCarducci Teisser, P.
_935213
852 _aES-MaACL
_jT-1219-F-6
999 _c25656
_d25656